| 000 | 00842nam a2200217Ii 4500 | ||
|---|---|---|---|
| 003 | JO-AjNU | ||
| 008 | 230605s9999||||xx |||||||||||||| ||und|| | ||
| 017 | _a1980/197 | ||
| 040 |
_aJO-AjNU _bara _erda _cJO-AjNU |
||
| 041 | _aara | ||
| 050 | 1 | 4 | _aKMN97.8.Q24.1981 |
| 100 | 3 |
_aالقليوبي ، سميحة , _eauthor _920163 |
|
| 245 | 0 | 0 | _aالسمسرة في القانون الكويتي وفقا لقانون التجارة الجديد رقم 68 لسنة 1980 " دراسة مفارنة " |
| 250 | _a(د،ط) | ||
| 264 | 3 | 1 | _aالقاهرة : جامعة القاهرة ، 1981 |
| 300 | _a136ص | ||
| 336 |
_atext _btxt _2rdacontent |
||
| 337 |
_aunmediated _bn _2rdamedia |
||
| 338 |
_avolume _bnc _2rdacarrier |
||
| 650 | 4 |
_aالسمسرة -- القانون التجاري -- الكويت -- العقود التجارية _920164 |
|
| 999 |
_aA6786 _c10354 _d10354 |
||